[Event "La Palma Island op"]
[Site "Santa Cruz de La Palma"]
[Date "2023.08.08"]
[Round "5"]
[White "Roeder, Mathias"]
[Black "Hernandez Leon, Sergio"]
[Result "1/2-1/2"]
[WhiteElo "2335"]
[BlackElo "2165"]
[PlyCount "49"]
[EventDate "2023.08.05"]
[EventType "swiss"]
[EventRounds "9"]
[EventCountry "ESP"]
[SourceTitle "CBM 215 Extra"]
[Source "ChessBase"]
[SourceDate "2023.09.30"]
[SourceVersion "1"]
[SourceVersionDate "2023.09.30"]
[SourceQuality "1"]

1. d4 Nf6 2. Nf3 e6 3. g3 b6 4. Bg2 Bb7 5. 0-0 Be7 6. c4 0-0 7. Nc3 Ne4 8. Qc2 Nxc3 9. Qxc3 c5 10. Rd1 d6 11. Bf4 Qc7 12. dxc5 bxc5 13. Qd3 e5 14. Ng5 g6 15. Be3 Bxg2 16. Kxg2 Nc6 17. Ne4 Qb7 18. f3 Nd4 19. Rd2 d5 20. cxd5 Qxd5 21. b3 Rac8 22. Rc1 Kg7 23. Qc4 Qb7 24. Rcd1 Rfd8 25. h4 1/2-1/2

[Event "Tenerife-chT Preferente"]
[Site "Tenerife"]
[Date "2023.05.20"]
[Round "14"]
[White "Hernandez Leon, Sergio"]
[Black "Garcia Rodriguez, Pedro Leopoldo"]
[Result "1-0"]
[WhiteElo "2178"]
[BlackElo "1812"]
[PlyCount "33"]
[EventDate "2023.01.14"]
[EventType "team-tourn"]
[EventRounds "14"]
[EventCountry "ESP"]
[SourceTitle "EXT 2024"]
[Source "ChessBase"]
[SourceDate "2023.10.10"]
[SourceVersion "1"]
[SourceVersionDate "2023.10.10"]
[SourceQuality "1"]
[WhiteTeam "Ebano Barrio Nuevo"]
[BlackTeam "Rey Ahogado"]
[WhiteTeamCountry "ESP"]
[BlackTeamCountry "ESP"]

1. e4 e6 2. Qe2 c5 3. Nf3 g6 4. d4 cxd4 5. Nxd4 Nc6 6. Nb3 Bg7 7. Nc3 Nge7 8. g3 0-0 9. Bg2 a6 10. 0-0 b5 11. a3 Bb7 12. Nc5 Nd4 13. Qd3 Bc6 14. Be3 e5 15. Nb3 Nxb3 16. cxb3 d5 17. exd5 1-0

[Event "Roquetas de Mar op 34th"]
[Site "Roquetas de Mar"]
[Date "2023.01.04"]
[Round "2"]
[White "Merario Alarcon, Andres"]
[Black "Hernandez Leon, Sergio"]
[Result "1-0"]
[WhiteElo "2438"]
[BlackElo "2178"]
[PlyCount "55"]
[EventDate "2023.01.03"]
[EventType "swiss"]
[EventRounds "9"]
[EventCountry "ESP"]
[SourceTitle "CBM 212 Extra"]
[Source "ChessBase"]
[SourceDate "2023.03.31"]
[SourceVersion "1"]
[SourceVersionDate "2023.03.31"]
[SourceQuality "1"]

1. d4 Nf6 2. c4 e6 3. Nf3 b6 4. g3 Bb7 5. Bg2 Be7 6. 0-0 0-0 7. h4 c5 8. d5 exd5 9. Nh2 Na6 10. cxd5 d6 11. Nc3 Nc7 12. g4 b5 13. g5 Nd7 14. e4 c4 15. f4 Nc5 16. f5 Re8 17. Ne2 Bf8 18. Ng3 Nd3 19. Ng4 Ne5 20. h5 Bc8 21. Nxe5 dxe5 22. h6 gxh6 23. Qh5 Qd7 24. Qh4 Rd8 25. Nh5 Ne8 26. Rf3 Kh8 27. gxh6 Be7 28. Bg5 1-0

[Event "San Cristobal de La Laguna op 4th"]
[Site "San Cristobal de La Laguna"]
[Date "2022.09.01"]
[Round "7"]
[White "Narciso Dublan, Marc"]
[Black "Hernandez Leon, Sergio"]
[Result "1-0"]
[WhiteElo "2455"]
[BlackElo "2094"]
[PlyCount "51"]
[EventDate "2022.08.27"]
[EventType "swiss"]
[EventRounds "9"]
[EventCountry "ESP"]
[SourceTitle "CBM 210 Extra"]
[Source "ChessBase"]
[SourceDate "2022.11.30"]
[SourceVersion "1"]
[SourceVersionDate "2022.11.30"]
[SourceQuality "1"]

1. d4 Nf6 2. Bg5 d5 3. e3 c5 4. Bxf6 gxf6 5. dxc5 Nc6 6. c3 e6 7. b4 a5 8. Bb5 Bd7 9. Qb3 Qc7 10. Nf3 axb4 11. cxb4 b6 12. 0-0 Be7 13. Rc1 bxc5 14. bxc5 0-0 15. a4 Rfb8 16. Qc3 e5 17. Nbd2 e4 18. Nd4 Nxd4 19. exd4 Bxb5 20. axb5 Rxa1 21. Qxa1 Rxb5 22. Nf1 Rb8 23. Ne3 Qc6 24. Qa7 Re8 25. Rb1 Bd8 26. Qb7 1-0

[Event "Canarias-ch"]
[Site "Brena Baja"]
[Date "2022.06.03"]
[Round "5"]
[White "Rodriguez Bittar, Karim Javier"]
[Black "Hernandez Leon, Sergio"]
[Result "1/2-1/2"]
[WhiteElo "1868"]
[BlackElo "2104"]
[PlyCount "33"]
[EventDate "2022.06.01"]
[EventType "swiss"]
[EventRounds "6"]
[EventCountry "ESP"]
[SourceTitle "CBM 208 Extra"]
[Source "ChessBase"]
[SourceDate "2022.07.31"]
[SourceVersion "1"]
[SourceVersionDate "2022.07.31"]
[SourceQuality "1"]

1. e4 e5 2. Nf3 Nc6 3. Bb5 g6 4. Bxc6 dxc6 5. d4 exd4 6. Qxd4 Qxd4 7. Nxd4 Bg7 8. Ne2 Be6 9. Nbc3 0-0-0 10. Bd2 Nf6 11. f3 Rhe8 12. 0-0-0 Nd7 13. Nf4 Ne5 14. Nxe6 Rxe6 15. Bg5 Rf8 16. Ne2 Nc4 17. c3 1/2-1/2

[Event "La Roda op 47th"]
[Site "La Roda"]
[Date "2021.12.05"]
[Round "3"]
[White "Fernandez Barrera, Victor"]
[Black "Hernandez Leon, Sergio"]
[Result "1-0"]
[WhiteElo "2281"]
[BlackElo "2099"]
[PlyCount "75"]
[EventDate "2021.12.04"]
[EventType "swiss"]
[EventRounds "9"]
[EventCountry "ESP"]
[SourceTitle "CBM 205 Extra"]
[Source "ChessBase"]
[SourceDate "2022.01.31"]
[SourceVersion "1"]
[SourceVersionDate "2022.01.31"]
[SourceQuality "1"]

1. e4 e5 2. Nf3 Nc6 3. d4 exd4 4. Nxd4 Qf6 5. Be3 Bc5 6. c3 Nge7 7. Bc4 d6 8. 0-0 0-0 9. Nxc6 Nxc6 10. Bxc5 dxc5 11. f4 Qe7 12. Qe2 Na5 13. Bd3 c4 14. Bc2 f5 15. Nd2 Qc5+ 16. Kh1 Bd7 17. e5 Be6 18. Nf3 Nc6 19. Ng5 Bd5 20. Qh5 h6 21. Nf3 Be4 22. Bxe4 fxe4 23. Nh4 Ne7 24. Rae1 e3 25. Ng6 Nxg6 26. Qxg6 Rad8 27. Qe4 Rd2 28. Rxe3 Rxb2 29. f5 Qc6 30. h3 Qxe4 31. Rxe4 Rxa2 32. e6 Ra5 33. h4 Rc5 34. g4 a5 35. g5 hxg5 36. hxg5 Re8 37. f6 Kf8 38. f7 1-0

[Event "ESP-ch 86th"]
[Site "Linares"]
[Date "2021.08.17"]
[Round "2"]
[White "Hernandez Leon, Sergio"]
[Black "Plazuelo Pascual, Juan"]
[Result "0-1"]
[WhiteElo "2204"]
[BlackElo "2455"]
[PlyCount "142"]
[EventDate "2021.08.16"]
[EventType "swiss"]
[EventRounds "9"]
[EventCountry "ESP"]
[SourceTitle "CBM 204 Extra"]
[Source "ChessBase"]
[SourceDate "2021.11.30"]
[SourceVersion "1"]
[SourceVersionDate "2021.11.30"]
[SourceQuality "1"]

1. e4 c6 2. Nc3 d5 3. Nf3 Bg4 4. h3 Bxf3 5. Qxf3 e6 6. d4 Nf6 7. exd5 cxd5 8. Bd3 Nc6 9. Ne2 g6 10. 0-0 Bg7 11. c3 0-0 12. Bg5 e5 13. dxe5 Nxe5 14. Qe3 Re8 15. Qd2 Qb6 16. Be3 Qa5 17. Bd4 Rad8 18. Rfe1 Nc6 19. Bc2 Ne4 20. Qd3 Nxd4 21. Nxd4 Qb6 22. Bb3 Nc5 23. Qb5 Rxe1+ 24. Rxe1 Qxb5 25. Nxb5 a6 26. Nd4 Bxd4 27. cxd4 Nxb3 28. axb3 Rc8 29. Re7 Rc1+ 30. Kh2 b5 31. Rd7 Rc2 32. Rxd5 Rxf2 33. Rd6 Rd2 34. Rxa6 Rxd4 35. Rc6 Kg7 36. Rc5 Rb4 37. Rc3 Kf6 38. Re3 Rd4 39. Rc3 h5 40. Kg3 Rd2 41. Rc6+ Ke7 42. Rc7+ Ke6 43. Rc6+ Kd7 44. Rf6 Ke7 45. Rf4 Rd3+ 46. Rf3 Rxf3+ 47. Kxf3 Kd6 48. Ke4 Kc5 49. Ke5 Kb4 50. Kf6 Kxb3 51. Kxf7 h4 52. Kxg6 Kxb2 53. Kg5 b4 54. Kxh4 b3 55. g4 Kc3 56. g5 b2 57. g6 b1Q 58. Kg5 Kd4 59. g7 Qh7 60. Kf6 Qg8 61. h4 Kd5 62. h5 Qh7 63. h6 Qxh6+ 64. Kf7 Qf4+ 65. Ke8 Qg5 66. Kf7 Qf5+ 67. Ke7 Qg6 68. Kf8 Qf6+ 69. Kg8 Ke6 70. Kh7 Qh4+ 71. Kg6 Qg4+ 0-1

[Event "Las Palmas-ch"]
[Site "Las Palmas"]
[Date "2021.04.01"]
[Round "9.3"]
[White "Hernandez Leon, Sergio"]
[Black "Hernandez Capote, Carmen"]
[Result "1-0"]
[WhiteElo "2114"]
[BlackElo "1735"]
[PlyCount "83"]
[EventDate "2021.03.26"]
[EventType "tourn"]
[EventRounds "9"]
[EventCountry "ESP"]
[SourceTitle "EXT 2024"]
[Source "ChessBase"]
[SourceDate "2023.10.10"]
[SourceVersion "1"]
[SourceVersionDate "2023.10.10"]
[SourceQuality "1"]

1. e4 c5 2. Nc3 Nc6 3. Bb5 Nd4 4. Nf3 a6 5. Bd3 g6 6. Nxd4 cxd4 7. Ne2 Bg7 8. c3 dxc3 9. dxc3 d6 10. Be3 Nf6 11. h3 0-0 12. 0-0 b6 13. Ng3 Bb7 14. f4 Nd7 15. Qe2 Qc7 16. Rad1 Nc5 17. Bc2 Qc6 18. Qf2 a5 19. f5 Nd7 20. Bb3 a4 21. Bd5 Qc7 22. fxg6 hxg6 23. Bxf7+ Kh8 24. Qf4 Rxf7 25. Qxf7 Ne5 26. Qf4 Ba6 27. Rf2 Kg8 28. Bd4 Bc4 29. Bxe5 Bxe5 30. Qg4 Kh7 31. h4 Qc5 32. h5 Rg8 33. hxg6+ Rxg6 34. Qh4+ Kg8 35. Nf5 Bf6 36. Nxe7+ Kg7 37. Nf5+ Kg8 38. Qh5 Rg5 39. Qe8+ Kh7 40. Qd7+ Kh8 41. Qxd6 Be7 42. Qxe7 1-0

[Event "Las Palmas-ch"]
[Site "Las Palmas"]
[Date "2021.03.29"]
[Round "6.2"]
[White "Lorenzo Ventura, Abel"]
[Black "Hernandez Leon, Sergio"]
[Result "0-1"]
[WhiteElo "1546"]
[BlackElo "2114"]
[PlyCount "78"]
[EventDate "2021.03.26"]
[EventType "tourn"]
[EventRounds "9"]
[EventCountry "ESP"]
[SourceTitle "EXT 2024"]
[Source "ChessBase"]
[SourceDate "2023.10.10"]
[SourceVersion "1"]
[SourceVersionDate "2023.10.10"]
[SourceQuality "1"]

1. d4 Nf6 2. c4 e6 3. Nf3 b6 4. Bg5 Bb7 5. e3 c5 6. d5 h6 7. Bxf6 Qxf6 8. Nc3 Na6 9. e4 d6 10. Qa4+ Kd8 11. Be2 e5 12. g3 Qe7 13. Nh4 g6 14. Bg4 Nc7 15. Nf3 Qe8 16. Qb3 Ba6 17. a4 Be7 18. Qd1 Bxc4 19. Nxe5 dxe5 20. d6 Ne6 21. dxe7+ Kxe7 22. Nd5+ Bxd5 23. Qxd5 Kf6 24. Bxe6 Qxe6 25. Rd1 Rhd8 26. Qxe6+ Kxe6 27. Ke2 Rd4 28. Rxd4 cxd4 29. Rc1 Kd7 30. f4 f6 31. fxe5 fxe5 32. Rf1 Rc8 33. Kd3 Ke7 34. Rd1 a6 35. Re1 g5 36. Rd1 Rf8 37. Rd2 Rf3+ 38. Kc4 Kd6 39. Rd1 Rf2 0-1

[Event "Las Palmas-ch"]
[Site "Las Palmas"]
[Date "2021.03.28"]
[Round "4.1"]
[White "Guerra Arrocha, Daniel"]
[Black "Hernandez Leon, Sergio"]
[Result "0-1"]
[WhiteElo "2091"]
[BlackElo "2114"]
[PlyCount "60"]
[EventDate "2021.03.26"]
[EventType "tourn"]
[EventRounds "9"]
[EventCountry "ESP"]
[SourceTitle "EXT 2024"]
[Source "ChessBase"]
[SourceDate "2023.10.10"]
[SourceVersion "1"]
[SourceVersionDate "2023.10.10"]
[SourceQuality "1"]

1. Nf3 f5 2. g3 Nf6 3. Bg2 g6 4. 0-0 Bg7 5. d4 d6 6. c4 0-0 7. Nc3 c6 8. Qb3 Kh8 9. Rd1 Qe8 10. d5 Na6 11. Nd4 Nc5 12. Qa3 Bd7 13. b4 Nce4 14. Nxe4 Nxe4 15. Bb2 Qf7 16. f3 Nf6 17. dxc6 bxc6 18. Qa6 Rfb8 19. b5 c5 20. Nc6 Bxc6 21. bxc6 Rxb2 22. Rab1 Rxb1 23. Rxb1 Qe6 24. c7 Ne8 25. Qc6 Rc8 26. f4 Nxc7 27. Kh1 Ne8 28. Qb7 Nf6 29. Bd5 Nxd5 30. cxd5 Qe4+ 0-1

[Event "ESP-chT CECLUB Div2"]
[Site "Linares"]
[Date "2020.08.26"]
[Round "4.5"]
[White "Fernandez Cantalapiedra, Isabel"]
[Black "Hernandez Leon, Sergio"]
[Result "0-1"]
[WhiteElo "1775"]
[BlackElo "2133"]
[PlyCount "72"]
[EventDate "2020.08.24"]
[EventType "team-tourn"]
[EventRounds "6"]
[EventCountry "ESP"]
[SourceTitle "CBM 198 Extra"]
[Source "ChessBase"]
[SourceDate "2020.11.30"]
[SourceVersion "1"]
[SourceVersionDate "2020.11.30"]
[SourceQuality "1"]
[WhiteTeam "Salcedo CC"]
[BlackTeam "Ebano Barrio Nuevo"]
[WhiteTeamCountry "ESP"]
[BlackTeamCountry "ESP"]

1. d4 Nf6 2. Nf3 e6 3. Bf4 c5 4. c3 Nc6 5. e3 d5 6. Bd3 Bd6 7. Bg3 0-0 8. Nbd2 b6 9. 0-0 Bb7 10. Ne5 Ne7 11. Bh4 Ne4 12. Bxe7 Qxe7 13. f4 f6 14. Nef3 cxd4 15. cxd4 Rac8 16. Qb1 f5 17. Qd1 Rc7 18. Kh1 Rfc8 19. Qe2 h6 20. Ne5 a5 21. Rg1 Bxe5 22. fxe5 Qb4 23. Nf3 a4 24. g4 a3 25. bxa3 Qxa3 26. Ne1 Rc3 27. Nc2 Qa4 28. Bxe4 dxe4 29. Ne1 f4 30. exf4 Qxd4 31. Rd1 e3+ 32. Ng2 Qe4 33. Rde1 Rc2 34. Qxe3 Qxe3 35. Rxe3 Rxg2 36. Rge1 Rxg4+ 0-1

[Event "ESP-chT CECLUB Div2"]
[Site "Linares"]
[Date "2020.08.25"]
[Round "3.5"]
[White "Hernandez Leon, Sergio"]
[Black "Ordonez Torres, Maria del Carmen"]
[Result "1/2-1/2"]
[WhiteElo "2133"]
[BlackElo "2061"]
[PlyCount "63"]
[EventDate "2020.08.24"]
[EventType "team-tourn"]
[EventRounds "6"]
[EventCountry "ESP"]
[SourceTitle "CBM 198 Extra"]
[Source "ChessBase"]
[SourceDate "2020.11.30"]
[SourceVersion "1"]
[SourceVersionDate "2020.11.30"]
[SourceQuality "1"]
[WhiteTeam "Ebano Barrio Nuevo"]
[BlackTeam "Reina Brillante"]
[WhiteTeamCountry "ESP"]
[BlackTeamCountry "ESP"]

1. Nf3 Nf6 2. b3 d6 3. Bb2 e5 4. c4 g6 5. g3 Bg7 6. Bg2 0-0 7. 0-0 Nc6 8. Nc3 Bf5 9. Ne1 Qd7 10. Nd5 Bh3 11. Nc2 Bxg2 12. Kxg2 Ne7 13. Nxf6+ Bxf6 14. d4 e4 15. f3 exf3+ 16. exf3 d5 17. c5 Nf5 18. Qd3 Rfe8 19. Rfe1 h5 20. Bc3 c6 21. b4 Kg7 22. Rxe8 Rxe8 23. Re1 Rh8 24. Ne3 Nxe3+ 25. Qxe3 Qf5 26. h3 Qd7 27. Re2 Qc7 28. g4 g5 29. Qd3 Qf4 30. Qe3 Qc7 31. Qd3 Qf4 32. Qe3 1/2-1/2